| 000 | 00786nam a2200229 4500 | ||
|---|---|---|---|
| 001 | 148172 | ||
| 003 | ES-MaACL | ||
| 005 | 20250822035249.0 | ||
| 007 | t| | ||
| 008 | 070214s1966 sp r ||||1| spa d | ||
| 100 | 1 |
_aStoetzel, Jean. _9108270 |
|
| 245 | 1 | 0 |
_aPsicología social / _cJean Stoetzel ; introducción por el Dr. José Germain ; prólogo por el Dr. José L. Pinillos ; versión española por Juan Díaz Terol. |
| 250 | _a2ª ed. | ||
| 260 |
_aAlcoy (Alicante) : _bMarfil, _c1966. |
||
| 300 |
_a268 p. : _bmapas ; _c21 cm. |
||
| 650 | 7 |
_aPsicología social _2embne _916573 |
|
| 700 | 1 |
_aGermain, José ( _d1897-1986) _9170494 |
|
| 700 | 1 |
_aPinillos, José Luis. _992143 |
|
| 700 | 1 |
_aDíaz Terol, Juan. _944436 |
|
| 852 | 4 |
_aES-MaACL _jC-31302 |
|
| 999 |
_c148172 _d148172 |
||